Statistics for Wicked Game - Chris Isaak - All Lyrics

Click here to take the quiz!

General Stats

  • This quiz has been taken 53 times
  • The average score is 221 of 277

Answer Stats

Answer% Correct
I
100%
I...
100%
me
100%
a
98%
love
98%
you)
98%
you
98%
do,
95%
do
95%
don't
95%
fall
95%
in
95%
no
95%
No,
95%
and
93%
And
93%
dream
93%
wanna
93%
on
90%
The
90%
to
90%
was
90%
What
90%
what
90%
wicked
90%
but
88%
make
88%
never
88%
one
88%
fire,
86%
like
86%
of
86%
that
86%
thing
86%
(This
86%
this
86%
way
86%
world
86%
feel
83%
game
83%
people
83%
save
83%
could
81%
desire
81%
dreamed
81%
play,
81%
somebody
81%
is
79%
I'd
76%
strange
76%
(With
76%
With
76%
felt
74%
foolish
74%
It’s
74%
say,
74%
will
71%
your
62%
loves
55%
meet
55%
Nobody
55%
gonna
48%
lose
48%
heart)
45%
let
45%
break
38%
only
38%

Score Distribution

Percentile by Number Answered

Percent of People with Each Score

Your Score History

You have not taken this quiz